Schwangerschaftsabbruch und Euthanasie
| Main Author: | |
|---|---|
| Format: | Print Article |
| Language: | German |
| Published: |
1973
|
| In: |
Archiv für Kriminologie
Year: 1973, Volume: 152, Pages: 129-145 |
| Availability in Tübingen: | Present in Tübingen. IFK: 1865 |
| Check availability: | HBZ Gateway |
| Keywords: |
MARC
| LEADER | 00000caa a22000002c 4500 | ||
|---|---|---|---|
| 001 | 1632139022 | ||
| 003 | DE-627 | ||
| 005 | 20220607132403.0 | ||
| 007 | tu | ||
| 008 | 130611s1973 xx ||||| 00| ||ger c | ||
| 035 | |a (DE-627)1632139022 | ||
| 035 | |a (DE-576)383425387 | ||
| 035 | |a (DE-599)BSZ383425387 | ||
| 040 | |a DE-627 |b ger |c DE-627 |e rakwb | ||
| 041 | |a ger | ||
| 100 | 1 | |a Ehrhardt, Helmut E. |d 1914-1997 |0 (DE-588)130074276 |0 (DE-627)489618219 |0 (DE-576)297982737 |4 aut | |
| 109 | |a Ehrhardt, Helmut E. 1914-1997 |a Ehrhardt, Helmut 1914-1997 |a Ehrhardt, H. E. 1914-1997 |a Ehrhardt, H. 1914-1997 | ||
| 245 | 1 | 0 | |a Schwangerschaftsabbruch und Euthanasie |c H. E. Ehrhardt |
| 264 | 1 | |c 1973 | |
| 336 | |a Text |b txt |2 rdacontent | ||
| 337 | |a ohne Hilfsmittel zu benutzen |b n |2 rdamedia | ||
| 338 | |a Band |b nc |2 rdacarrier | ||
| 773 | 0 | 8 | |i In |t Archiv für Kriminologie |d Lübeck : Schmidt-Römhild, 1916 |g 152(1973), Seite 129-145 |w (DE-627)129061530 |w (DE-600)470-4 |w (DE-576)014392313 |x 0003-9225 |7 nnas |
| 773 | 1 | 8 | |g volume:152 |g year:1973 |g pages:129-145 |
| 951 | |a AR | ||
| ELC | |b 1 | ||
| LOK | |0 000 xxxxxcx a22 zn 4500 | ||
| LOK | |0 001 3283850410 | ||
| LOK | |0 003 DE-627 | ||
| LOK | |0 004 1632139022 | ||
| LOK | |0 005 20130624120807 | ||
| LOK | |0 008 130611||||||||||||||||ger||||||| | ||
| LOK | |0 040 |a DE-21-110 |c DE-627 |d DE-21-110 | ||
| LOK | |0 689 |a s |a Schwangerschaftsabbruch | ||
| LOK | |0 689 |a s |a Euthanasie | ||
| LOK | |0 852 |a DE-21-110 | ||
| LOK | |0 852 1 |c 1865 |m p |9 00 | ||
| LOK | |0 935 |a k110 | ||
| LOK | |0 938 |k p | ||
| LOK | |0 939 |a 11-06-13 |b l01 | ||
| ORI | |a SA-MARC-krimdoka001.raw | ||
| SIG | |a IFK: 1865 | ||
